000 00493nam a22001577a 4500
020 _a9788126527649
040 _cNust
082 _a621.4022
_bINC
100 _aIncropera,. P Franck
_9124194
110 _aDewitt,.P David,Bergman,. L Theodore, Lavine,. S Adrienne
_9124195
245 _aFundamentals of Heat and Mass Transfer
250 _a6th Edition
260 _aNew Delhi:
_bJohn Wiley & Sons Inc,
_c2007.
650 _aFundamentals of Heat and Mass Transfer
_9124196
942 _2ddc
_cBK
999 _c610131
_d610131